[Event "HUN-chT1 Maroczy 2223"]
[Site "Hungary"]
[Date "2023.03.12"]
[Round "7.12"]
[White "Markus, Molli Amina"]
[Black "Solti, Balint"]
[Result "1-0"]
[WhiteElo "1887"]
[BlackElo "1458"]
[PlyCount "109"]
[EventDate "2022.11.20"]
[EventType "team-tourn"]
[EventRounds "9"]
[EventCountry "HUN"]
[SourceTitle "EXT 2025"]
[Source "ChessBase"]
[SourceDate "2024.10.14"]
[SourceVersion "1"]
[SourceVersionDate "2024.10.14"]
[SourceQuality "1"]
[WhiteTeam "Maroczy"]
[BlackTeam "Vasas"]
[WhiteTeamCountry "HUN"]
[BlackTeamCountry "HUN"]

1. Nf3 Nf6 2. c4 e6 3. g3 d5 4. Bg2 dxc4 5. Na3 Bxa3 6. bxa3 Nbd7 7. Bb2 Rb8 8. Rc1 b5 9. 0-0 Bb7 10. a4 a6 11. axb5 Bxf3 12. Bxf3 axb5 13. a4 bxa4 14. Bxf6 gxf6 15. Qxa4 0-0 16. Qxc4 Ne5 17. Qc3 Nxf3+ 18. Qxf3 f5 19. Qf4 Rc8 20. Rc6 Re8 21. Rfc1 Re7 22. Qg5+ Kh8 23. Qf6+ Kg8 24. d3 Qe8 25. h4 Rd7 26. Qg5+ Kh8 27. h5 Qe7 28. Qf4 f6 29. Qc4 e5 30. Re6 Qf7 31. Qc6 Rcd8 32. Rxf6 Qxh5 33. Re1 Qg5 34. Rh6 Rd6 35. Rxd6 cxd6 36. Kg2 f4 37. Qf3 Rg8 38. Rh1 fxg3 39. fxg3 d5 40. Rh3 d4 41. Rh5 Qg7 42. Rf5 Re8 43. Qe4 Qe7 44. Rh5 Qg7 45. Qf5 Qe7 46. Kh2 Qg7 47. g4 Re7 48. Rg5 Qh6+ 49. Kg3 Re8 50. Rh5 Qg7 51. g5 Rf8 52. Rxh7+ Qxh7 53. Qxf8+ Qg8 54. Qxg8+ Kxg8 55. Kg4 1-0